| 000 | 00900cam a22002652 4500 | ||
|---|---|---|---|
| 001 | 0000001933 | ||
| 005 | 20151217151833.0 | ||
| 008 | 070329s xx 000 0 eng d | ||
| 020 |
_a0333777921 : _cKES 9,075 |
||
| 040 |
_aKABU _cKABU |
||
| 050 | 0 |
_aHD9980.5 _b.B37 2003 |
|
| 100 | 1 |
_aBaron, Steve. _@0000159513 |
|
| 245 | 1 | 0 |
_aServices marketing : _btext and cases / _cSteve Baron and Kim Harris. |
| 250 | _a2nd ed. | ||
| 260 |
_aBasingstoke, England : _bPalgrave Macmillan, _c2003. |
||
| 300 | _axvi, 291 p. | ||
| 650 | 0 |
_aServices industries _xMarketing. _@0000159514 |
|
| 700 | 1 |
_aHarris, Kim. _@0000159515 |
|
| 908 | _a070329 | ||
| 950 | _@1 | ||
| 999 |
_c5529 _d5529 |
||